| 000 | 00937cam a2200265 a 4500 | ||
|---|---|---|---|
| 001 | 000006949 | ||
| 005 | 20200929154029.0 | ||
| 008 | 750611s1965 sp 000 0 spa | ||
| 035 | _a(OCoLC)1386690 | ||
| 040 |
_aDO-SdBNP _cPBm _dDLC |
||
| 042 | _apremarc | ||
| 050 | 0 | 0 |
_aPQ6639.N3 _bA6 1965 |
| 082 |
_annn _bU54p |
||
| 100 | 1 |
_aUnamuno, Miguel de, _d1864-1936 _96254 |
|
| 245 | 1 | 0 |
_aUnamuno : _bpensamiento político / _cSelección de textos y estudio preliminar sobre el pensamiento político de Unamuno, por Elías Díaz. |
| 260 |
_aMadrid : _bTecnos, _c1965. |
||
| 300 |
_a891 p. ; _c24cm. |
||
| 490 | 1 | _aClasicos del peusamiento político y social. | |
| 504 | _a"Obras de Unamuno": p. 79-88. | ||
| 504 | _aIncluye bibliografía sobre Unamuno (p.89-100) | ||
| 700 | 1 |
_aDíaz, Elías, _eed. _919288 |
|
| 830 | 0 |
_aClasicos del peusamiento político y social ; _919289 |
|
| 910 | _aCatalogación por copia / LC | ||
| 049 | _aBNGR | ||
| 999 |
_c6733 _d6733 |
||